00622 2200253 4500001002100000005001500021035002000036007000300056008004100059040001700100100001300117245005500130250000900185020002200194041000800216082000800224084001400232090001900246260003000265650002100295850001000316990002100326990002100347INLIS00000000000326720260528084652 a0010-0421000090ta260528 0  aSBPUPADbind0 aHaryanto1 aPintar & Trampil Ilmu Pengetahuan Alam /cHaryanto aEd.1 a978-979-29-3249-20 aind a500 a500 HAR p a500 HAR p 11-3 aYogyakarta :bAndi,c2012 4aIlmu Pengetahuan aPUPAD a1096/B/KAPD/2013 a1097/B/KAPD/2013